[Event "Seville op 27th"]
[White "Rodriguez Guerrero, Enrique"]
[Black "Martinez Fernandez, Angeles"]
[Site "Seville"]
[Round "4"]
[Result "1-0"]
[Date "2002.01.14"]
[WhiteElo "2309"]
[BlackElo "2046"]
[PlyCount "81"]
[EventDate "2002.01.11"]
[EventType "swiss"]
[EventRounds "9"]
[EventCountry "ESP"]
[SourceTitle "CBM 086 Extra"]
[Source "ChessBase"]
[SourceDate "2002.03.14"]
[SourceVersion "1"]
[SourceVersionDate "2002.03.14"]
[SourceQuality "1"]

1. e4 c5 2. Nf3 Nc6 3. Nc3 g6 4. d4 cxd4 5. Nxd4 Bg7 6. Be3 Nf6 7. Bc4 Qa5 8. 0-0 0-0 9. Nb3 Qd8 10. Re1 d6 11. Bg5 Ne5 12. Bf1 Be6 13. Nd5 Bxd5 14. exd5 Qc7 15. Rb1 Rac8 16. c3 Rfe8 17. g3 Qd7 18. Bg2 Nc4 19. Qd3 Rc7 20. Nd4 Rec8 21. Bc1 Rc5 22. Nb3 R5c7 23. f4 Kf8 24. Nd4 Kg8 25. b3 Nb6 26. c4 a6 27. Bd2 Na8 28. Rbc1 Re8 29. h3 Rcc8 30. Kh1 Nc7 31. Re2 b5 32. f5 bxc4 33. bxc4 Qa4 34. Nc6 Kf8 35. Bg5 a5 36. Rce1 h6 37. Bc1 Ng8 38. fxg6 fxg6 39. Rf2+ Nf6 40. Bf3 Kg8 41. Bd1 1-0

[Event "Seville op 27th"]
[White "Martinez Fernandez, Angeles"]
[Black "Lalic, Bogdan"]
[Site "Seville"]
[Round "2"]
[Result "0-1"]
[Date "2002.01.12"]
[WhiteElo "2046"]
[BlackElo "2523"]
[PlyCount "76"]
[EventDate "2002.01.11"]
[EventType "swiss"]
[EventRounds "9"]
[EventCountry "ESP"]
[SourceTitle "CBM 086 Extra"]
[Source "ChessBase"]
[SourceDate "2002.03.14"]
[SourceVersion "1"]
[SourceVersionDate "2002.03.14"]
[SourceQuality "1"]

1. d4 d5 2. Nf3 Nf6 3. c4 e6 4. Nc3 Bb4 5. a3 Bxc3+ 6. bxc3 c5 7. e3 0-0 8. Bd3 Nc6 9. 0-0 dxc4 10. Bxc4 Qc7 11. Qe2 e5 12. d5 e4 13. dxc6 exf3 14. Qxf3 Bg4 15. Qg3 Qxc6 16. f3 Be6 17. Bd3 Rfd8 18. Bc2 Bc4 19. Rd1 Rxd1+ 20. Bxd1 Rd8 21. Bc2 Bd3 22. Bxd3 Rxd3 23. Bb2 Rxe3 24. c4 Ne8 25. Rd1 f6 26. h3 Qc8 27. Qf2 Re7 28. Rd5 b6 29. Qd2 Qe6 30. Kf2 Kf7 31. Rh5 Nd6 32. Bc1 Nxc4 33. Qc3 Qe2+ 34. Kg3 Qe1+ 35. Qxe1 Rxe1 36. Bf4 g5 37. Bb8 Kg6 38. Kf2 Re8 0-1